000 00657nam a2200181Ia 4500
008 100920s9999 xx 000 0 und d
082 _b107377
_a28 व 891,43 न 09
100 _aइन्दुरख्याशरद.
245 _aभोजन और स्वास्थ्य.
260 _bआशिष पब्लिकेशन,जबलपुर.
_c2009
300 _a16
_bसाधी
365 _b25
520 _aबा.वि.हिंदी.
630 _aभोजन और स्वास्थ्य.
650 _aबा.वि.हिंदी.
730 _aभोजन और स्वास्थ्य.
942 _cBOOK
999 _c747801
_d747798